[Event "Arco op 31st"]
[Site "Arco"]
[Date "2009.10.24"]
[Round "9"]
[White "Battiston, Claudio"]
[Black "Virzi, Ettore"]
[Result "1/2-1/2"]
[WhiteElo "2001"]
[BlackElo "2019"]
[PlyCount "29"]
[EventDate "2009.10.17"]
[EventType "swiss"]
[EventRounds "9"]
[EventCountry "ITA"]
[SourceTitle "EXT 2010"]
[Source "ChessBase"]
[SourceDate "2010.11.25"]
[SourceVersion "1"]
[SourceVersionDate "2010.11.25"]
[SourceQuality "1"]

1. e4 e5 2. Nf3 Nc6 3. Bb5 a6 4. Ba4 Nf6 5. Qe2 b5 6. Bb3 Bc5 7. a4 Rb8 8. axb5 axb5 9. Nc3 d6 10. Nd5 0-0 11. d3 h6 12. h3 Bd7 13. 0-0 Nxd5 14. Bxd5 Qe7 15. Be3 1/2-1/2

[Event "Arco op 31st"]
[Site "Arco"]
[Date "2009.10.21"]
[Round "6"]
[White "Thompson, Edward Nii Lamptey"]
[Black "Battiston, Claudio"]
[Result "0-1"]
[WhiteElo "1818"]
[BlackElo "1983"]
[PlyCount "108"]
[EventDate "2009.10.17"]
[EventType "swiss"]
[EventRounds "9"]
[EventCountry "ITA"]
[SourceTitle "EXT 2010"]
[Source "ChessBase"]
[SourceDate "2010.11.25"]
[SourceVersion "1"]
[SourceVersionDate "2010.11.25"]
[SourceQuality "1"]

1. e4 Nf6 2. d3 e5 3. Nf3 Nc6 4. g3 Bc5 5. Bg2 d6 6. 0-0 0-0 7. Nbd2 Be6 8. c3 a5 9. h3 Qe7 10. Qa4 Bd7 11. Qc2 Nh5 12. Kh2 Rae8 13. Nc4 b5 14. Ne3 g6 15. Nd5 Qd8 16. Bh6 Ng7 17. Bg5 f6 18. Bh6 Rf7 19. Rad1 Ne6 20. Bc1 Ba7 21. Be3 Bxe3 22. Nxe3 Ng5 23. Nh4 Qc8 24. g4 Ne6 25. Nd5 Ne7 26. Ne3 Nf4 27. Bf3 Kg7 28. Rg1 Rh8 29. Rg3 Kf8 30. Bg2 h5 31. g5 fxg5 32. Nf3 Nxg2 33. Kxg2 h4 34. Rg4 Bxg4 35. Nxg4 Rf4 36. Nfh2 Kg7 37. f3 Qe6 38. a3 Rhf8 39. Qf2 c5 40. Qe3 Ng8 41. d4 Qb3 42. Rd2 cxd4 43. cxd4 Qe6 44. dxe5 dxe5 45. Qa7+ R4f7 46. Qxa5 Nf6 47. Nxf6 Qxf6 48. Qc3 Qf4 49. Rd5 Qg3+ 50. Kh1 Qxh3 51. Rxe5 Kh7 52. Rd5 Rxf3 53. Rd7+ Qxd7 54. Nxf3 Qh3+ 0-1

[Event "Arco op 30th"]
[Site "Arco"]
[Date "2008.10.18"]
[Round "1"]
[White "Battiston, Claudio"]
[Black "Vanzan, Alessandro"]
[Result "1-0"]
[WhiteElo "2027"]
[BlackElo "1805"]
[PlyCount "27"]
[EventDate "2008.10.18"]
[EventType "swiss"]
[EventRounds "9"]
[EventCountry "ITA"]
[SourceTitle "CBM 127 Extra"]
[Source "ChessBase"]
[SourceDate "2009.01.08"]
[SourceVersion "2"]
[SourceVersionDate "2009.01.28"]
[SourceQuality "1"]

1. e4 c5 2. c3 Nc6 3. d4 cxd4 4. cxd4 d6 5. Nf3 Bg4 6. Be2 Bxf3 7. Bxf3 Rc8 8. 0-0 Nf6 9. Nc3 g6 10. Be3 b6 11. d5 Ne5 12. Be2 Bg7 13. Qa4+ Qd7 14. Bb5 1-0

[Event "Trento op"]
[Site "Trento"]
[Date "2008.03.29"]
[Round "3"]
[White "Battiston, Claudio"]
[Black "Dappiano, Andrea"]
[Result "1-0"]
[WhiteElo "1945"]
[BlackElo "1894"]
[PlyCount "39"]
[EventDate "2008.03.28"]
[EventType "swiss"]
[EventRounds "5"]
[EventCountry "ITA"]
[SourceTitle "EXT 2011"]
[Source "ChessBase"]
[SourceDate "2010.11.26"]
[SourceVersion "1"]
[SourceVersionDate "2010.11.26"]
[SourceQuality "1"]

1. e4 e6 2. d3 d5 3. Nd2 c5 4. Ngf3 Nc6 5. g3 Bd6 6. Bg2 Nge7 7. 0-0 0-0 8. Re1 b5 9. e5 Bb8 10. c3 f6 11. exf6 gxf6 12. Nf1 e5 13. Bh6 Re8 14. Nh4 Be6 15. Ne3 Qd7 16. Qf3 f5 17. Qh5 Kh8 18. Qg5 Ng8 19. Nhxf5 Nxh6 20. Qf6+ 1-0